Learning Resource and Development

Fish defenses (Record no. 4400)

MARC details
000 -LEADER
fixed length control field 00755nam a22002537a 4500
005 - DATE AND TIME OF LATEST TRANSACTION
control field 20230512222050.0
008 - FIXED-LENGTH DATA ELEMENTS--GENERAL INFORMATION
fixed length control field 180511t xxu||||| |||| 00| 0 eng d
020 ## - INTERNATIONAL STANDARD BOOK NUMBER
International Standard Book Number 9781578083275
040 ## - CATALOGING SOURCE
Transcribing agency CSPC
082 0# - DEWEY DECIMAL CLASSIFICATION NUMBER
Classification number 571.9617
Item number F526
245 00 - TITLE STATEMENT
Title Fish defenses
260 ## - PUBLICATION, DISTRIBUTION, ETC.
Place of publication, distribution, etc. USA :
Name of publisher, distributor, etc. Science Publishers
Date of publication, distribution, etc. 2009.
300 ## - PHYSICAL DESCRIPTION
Extent x, 378 pages :
Other physical details figures, tables ;
Dimensions 24 cm.
500 ## - GENERAL NOTE
General note Includes Bibliographical references and Index.
650 10 - SUBJECT ADDED ENTRY--TOPICAL TERM
Topical term or geographic name entry element Fishes
Form subdivision Defenses.
700 1# - ADDED ENTRY--PERSONAL NAME
Personal name Giacomo Zaccone
Relator term editor
700 1# - ADDED ENTRY--PERSONAL NAME
Personal name J. Meseguer
Relator term editor
700 1# - ADDED ENTRY--PERSONAL NAME
Personal name A. Garcia-Ayala
Relator term editor
700 1# - ADDED ENTRY--PERSONAL NAME
Personal name B. G. Kapoor
Relator term editor
940 ## - EQUIVALENCE OR CROSS-REFERENCE--UNIFORM TITLE [OBSOLETE] [CAN/MARC only]
Uniform title <a href="123">123</a>
942 ## - ADDED ENTRY ELEMENTS (KOHA)
Koha item type
-- CIR 571.9617 F526 2009
Holdings
Withdrawn status Lost status Source of classification or shelving scheme Damaged status Not for loan Home library Current library Shelving location Date acquired Total Checkouts Full call number Barcode Date last seen Copy number Price effective from Koha item type
          Main Library Main Library Circulation Section 05/12/2023   CIR 571.9617 F526 2009 013932 05/12/2023 1 05/12/2023 Books